Unesco người đưa tin.

Salvato in:
Dettagli Bibliografici
Natura: Periodico
Lingua:Vietnamese
Pubblicazione: Hà Nội.
Soggetti:
Tags: Aggiungi Tag
Nessun Tag, puoi essere il primo ad aggiungerne! !
Thư viện lưu trữ: Mạng thư viện Đại học Đà Nẵng
LEADER 00616cas a2200265 i 4500
001 000047344
003 6957
005 20030918151251.0
008 010310b vm 000 vie
040 |a IRC  |c IRC  |d IRC 
041 0 |a vie 
082 1 4 |a 341  |b Un-N 
245 0 0 |a Unesco người đưa tin. 
260 |a Hà Nội. 
300 |c 28,5cm. 
610 2 4 |a Unesco  |x Người đưa tin  |v Tạp chí. 
OWN |a DUT 
999 |a From the UDN01 
TYP |a Printed language 
980 |a Mạng thư viện Đại học Đà Nẵng